| 000 | 00461nam a22001577a 4500 | ||
|---|---|---|---|
| 999 |
_c63901 _d63901 |
||
| 005 | 20181106172049.0 | ||
| 010 | _aB-168545 | ||
| 020 |
_a0313324573 _c625.00 |
||
| 035 | _aB-168543, B-168544, B-168545 | ||
| 037 |
_aDPL _bENG |
||
| 100 | _aCordon, Luis A. | ||
| 245 |
_aPopular psychology : _bAn encyclopedia / _cby Luis A. Cordon |
||
| 260 |
_aLondon _bGreenwood Press _c2005 |
||
| 300 |
_axvii, 274p. _c22 cms. |
||
| 942 |
_2ddc _cEN _h150.3 _mCOR |
||